[Event "HUN-chT2 Erkel 2324"]
[Site "Hunagry"]
[Date "2024.02.18"]
[Round "4.6"]
[White "Balint, Laszlo1"]
[Black "Murin, Janos"]
[Result "1/2-1/2"]
[WhiteElo "1783"]
[BlackElo "2050"]
[PlyCount "101"]
[EventDate "2023.10.08"]
[EventType "team-tourn"]
[EventRounds "9"]
[EventCountry "HUN"]
[SourceTitle "EXT 2025"]
[Source "ChessBase"]
[SourceDate "2024.10.14"]
[SourceVersion "1"]
[SourceVersionDate "2024.10.14"]
[SourceQuality "1"]
[WhiteTeam "Vizugyi"]
[BlackTeam "HASE"]
[WhiteTeamCountry "HUN"]
[BlackTeamCountry "HUN"]

1. d4 Nf6 2. c4 g6 3. Nc3 Bg7 4. e4 d6 5. Be2 0-0 6. Nf3 c6 7. 0-0 Qc7 8. Be3 Nbd7 9. Nd2 e5 10. d5 a5 11. Rc1 Re8 12. b3 Nc5 13. Qc2 Na6 14. a3 Ng4 15. Bxg4 Bxg4 16. f3 Bd7 17. Qb2 c5 18. Nb5 Qb8 19. Nb1 Rf8 20. Qd2 b6 21. N1c3 Be8 22. Bh6 Qd8 23. Bxg7 Kxg7 24. f4 f6 25. fxe5 dxe5 26. Rce1 Rb8 27. Rf3 Rb7 28. Rh3 Kg8 29. d6 Bf7 30. Nd5 Be6 31. Rd3 Bxd5 32. Rxd5 Rd7 33. Nc7 Qc8 34. Nb5 Nb8 35. g4 g5 36. Rd3 Nc6 37. Nc3 Nd4 38. Nd5 Rff7 39. Rxd4 cxd4 40. Nxb6 Qc6 41. Nxd7 Qxd7 42. c5 Qxg4+ 43. Qg2 Qc8 44. b4 axb4 45. axb4 Rb7 46. Rb1 d3 47. h3 Rxb4 48. Rxb4 Qxc5+ 49. Qf2 Qxb4 50. Qxf6 Qe1+ 51. Kh2 1/2-1/2

[Event "HUN-chT2 Erkel 2122"]
[Site "Hungary"]
[Date "2021.12.19"]
[Round "4.7"]
[White "Todor, Sandor"]
[Black "Murin, Janos"]
[Result "0-1"]
[WhiteElo "1816"]
[BlackElo "2100"]
[PlyCount "80"]
[EventDate "2021.10.10"]
[EventType "team-tourn"]
[EventRounds "9"]
[EventCountry "HUN"]
[SourceTitle "EXT 2025"]
[Source "ChessBase"]
[SourceDate "2024.10.14"]
[SourceVersion "1"]
[SourceVersionDate "2024.10.14"]
[SourceQuality "1"]
[WhiteTeam "Egri Bolyky"]
[BlackTeam "HASE"]
[WhiteTeamCountry "HUN"]
[BlackTeamCountry "HUN"]

1. Nf3 Nf6 2. g3 g6 3. Bg2 Bg7 4. 0-0 0-0 5. d4 d6 6. Nc3 Nbd7 7. e4 e5 8. d5 Nc5 9. Ng5 h6 10. Nh3 Ncxe4 11. Nxe4 Nxe4 12. f3 Nc5 13. Be3 b6 14. Qd2 Kh7 15. Rae1 a5 16. a3 a4 17. Qd1 Bd7 18. Kh1 f5 19. Bc1 Qc8 20. Nf2 Qa6 21. h4 Rae8 22. b4 axb3 23. cxb3 Qc8 24. b4 Ba4 25. Qe2 Nb3 26. Bb2 Qd7 27. Rg1 Qf7 28. Qc4 c5 29. Qa6 Qd7 30. Qc4 b5 31. Qe2 Nd4 32. Qd2 Bb3 33. Nd3 Bxd5 34. bxc5 Nxf3 35. Bxf3 Bxf3+ 36. Kh2 dxc5 37. Qe3 e4 38. Bxg7 Qxg7 39. Nxc5 Qb2+ 40. Kh3 Bg4# 0-1

[Event "HUN-chT2 Breyer 1819"]
[Site "Hungary"]
[Date "2019.03.10"]
[Round "7.3"]
[White "Murin, Janos"]
[Black "Csire, Bence"]
[Result "1-0"]
[WhiteElo "2068"]
[BlackElo "2122"]
[PlyCount "83"]
[EventDate "2018.10.28"]
[EventType "team-tourn"]
[EventRounds "9"]
[EventCountry "HUN"]
[SourceTitle "EXT 2021"]
[Source "ChessBase"]
[SourceDate "2020.10.23"]
[SourceVersion "1"]
[SourceVersionDate "2020.10.23"]
[SourceQuality "1"]
[WhiteTeam "Budapest HASE"]
[BlackTeam "Szekesfehervar"]
[WhiteTeamCountry "HUN"]
[BlackTeamCountry "HUN"]

1. e4 e5 2. Nf3 Nc6 3. Bb5 a6 4. Ba4 Nf6 5. d3 d6 6. c3 Be7 7. 0-0 b5 8. Bb3 0-0 9. Nbd2 Bb7 10. Re1 Re8 11. Nf1 Bf8 12. Ng3 g6 13. h3 Nb8 14. a4 Nbd7 15. axb5 axb5 16. Rxa8 Qxa8 17. Qe2 Bg7 18. h4 h5 19. Ng5 d5 20. d4 Qa5 21. Bd2 Qb6 22. Be3 exd4 23. cxd4 Ng4 24. e5 Nxe3 25. fxe3 f6 26. exf6 Nxf6 27. Qd3 Ng4 28. Re2 Rxe3 29. Rxe3 Nxe3 30. Nf3 Nc4 31. Bc2 Ne5 32. Nxe5 Bxe5 33. Ne2 Kh7 34. Kh1 Bg7 35. Nf4 Bxd4 36. Nxg6 Kg8 37. Nf4 Qf6 38. g3 c5 39. Qh7+ Kf8 40. Qxb7 Be3 41. Qc8+ Kf7 42. Bg6+ 1-0

[Event "HUN-chT2 Charousek 1819"]
[Site "Hungary"]
[Date "2018.10.28"]
[Round "3.11"]
[White "Gyorke, Zoltan"]
[Black "Murin, Janos"]
[Result "1/2-1/2"]
[WhiteElo "2020"]
[BlackElo "2068"]
[PlyCount "28"]
[EventDate "2018.09.23"]
[EventType "team-tourn"]
[EventRounds "11"]
[EventCountry "HUN"]
[SourceTitle "CBM 189 Extra"]
[Source "ChessBase"]
[SourceDate "2019.05.31"]
[SourceVersion "1"]
[SourceVersionDate "2019.05.31"]
[SourceQuality "1"]
[WhiteTeam "Komlo Banyasz"]
[BlackTeam "Budapest HASE"]
[WhiteTeamCountry "HUN"]
[BlackTeamCountry "HUN"]

1. c4 Nf6 2. Nc3 g6 3. d4 Bg7 4. e4 d6 5. f4 0-0 6. Nf3 c5 7. dxc5 dxc5 8. Be3 Na6 9. Be2 Qb6 10. 0-0 Ng4 11. Bd2 Qd8 12. e5 Nh6 13. Be3 Bd7 14. a3 Bc6 1/2-1/2

[Event "HUN-chT2 Breyer 1718"]
[Site "Hungary"]
[Date "2017.10.29"]
[Round "3.4"]
[White "Simonics, Peter"]
[Black "Murin, Janos"]
[Result "1-0"]
[WhiteElo "1937"]
[BlackElo "2045"]
[PlyCount "83"]
[EventDate "2017.09.24"]
[EventType "team-tourn"]
[EventRounds "11"]
[EventCountry "HUN"]
[SourceTitle "EXT 2021"]
[Source "ChessBase"]
[SourceDate "2020.10.23"]
[SourceVersion "1"]
[SourceVersionDate "2020.10.23"]
[SourceQuality "1"]
[WhiteTeam "Tatabanya Turul"]
[BlackTeam "Budapest HASE"]
[WhiteTeamCountry "HUN"]
[BlackTeamCountry "HUN"]

1. e4 c5 2. Nf3 Nc6 3. d4 cxd4 4. Nxd4 g6 5. c4 Bg7 6. Be3 Nf6 7. Nc3 0-0 8. Be2 d6 9. 0-0 Bd7 10. Rc1 Nxd4 11. Bxd4 Bc6 12. Bf3 a5 13. Qd2 Nd7 14. Bxg7 Kxg7 15. Kh1 Nc5 16. Rfd1 f6 17. Nd5 Bxd5 18. exd5 Qd7 19. Re1 Rf7 20. Re3 Qc7 21. Rce1 b6 22. h4 Re8 23. Bd1 f5 24. h5 Ne4 25. Qd4+ Rf6 26. Ba4 e5 27. dxe6 Rexe6 28. Kg1 Qc5 29. Qd5 Qxd5 30. cxd5 Re5 31. Bc6 Nc5 32. Rxe5 dxe5 33. Rxe5 Nd3 34. Re7+ Rf7 35. d6 Kf6 36. Re3 Ne5 37. Bd5 Rd7 38. f4 Nf7 39. Re6+ Kg7 40. h6+ Kf8 41. Rf6 Ke8 42. Bc6 1-0

[Event "Mare di Fano op 5th"]
[Site "Fano"]
[Date "2016.08.02"]
[Round "5"]
[White "Csonka, Attila Istvan"]
[Black "Murin, Janos"]
[Result "1-0"]
[WhiteElo "2316"]
[BlackElo "2107"]
[PlyCount "57"]
[EventDate "2016.07.30"]
[EventType "swiss"]
[EventRounds "9"]
[EventCountry "ITA"]
[SourceTitle "CBM 173 Extra"]
[Source "ChessBase"]
[SourceDate "2016.08.29"]
[SourceVersion "1"]
[SourceVersionDate "2016.08.29"]
[SourceQuality "1"]

1. e4 c5 2. Nf3 Nc6 3. d4 cxd4 4. Nxd4 g6 5. Nb3 Bg7 6. Be2 Nf6 7. Nc3 0-0 8. 0-0 d6 9. Re1 Be6 10. Bf1 Re8 11. Nd5 a6 12. c3 Rb8 13. a4 Ne5 14. a5 Ned7 15. f3 Qc8 16. Be3 h6 17. Ra4 Kh7 18. Rb4 Ne5 19. Qd2 Nc6 20. Ra4 Nd7 21. Qf2 Qd8 22. Rea1 Rf8 23. Nd2 f5 24. Nf4 Bg8 25. exf5 gxf5 26. Nh5 Nce5 27. Nxg7 Kxg7 28. Qg3+ Kh7 29. Bxh6 1-0

[Event "Mare di Fano op 5th"]
[Site "Fano"]
[Date "2016.08.01"]
[Round "3"]
[White "Cirelli, Alessandro"]
[Black "Murin, Janos"]
[Result "1/2-1/2"]
[WhiteElo "1935"]
[BlackElo "2107"]
[PlyCount "65"]
[EventDate "2016.07.30"]
[EventType "swiss"]
[EventRounds "9"]
[EventCountry "ITA"]
[SourceTitle "CBM 173 Extra"]
[Source "ChessBase"]
[SourceDate "2016.08.29"]
[SourceVersion "1"]
[SourceVersionDate "2016.08.29"]
[SourceQuality "1"]

1. e4 c5 2. Nc3 Nc6 3. g3 g6 4. Bg2 Bg7 5. d3 e6 6. Be3 d6 7. Qd2 Nd4 8. Nd1 e5 9. c3 Nc6 10. f4 b6 11. Nf3 Nf6 12. h3 Nh5 13. Qf2 Qc7 14. Bf1 Bb7 15. Be2 Nf6 16. 0-0 0-0 17. fxe5 dxe5 18. Bg5 h6 19. Bxf6 Bxf6 20. Ne3 Ne7 21. h4 Bg7 22. g4 Rad8 23. g5 h5 24. c4 Qd7 25. Qg3 Qd6 26. Rf2 Rde8 27. Raf1 f5 28. gxf6 Rxf6 29. Ng5 Ref8 30. Rxf6 Rxf6 31. Rxf6 Qxf6 32. Qf2 Bc8 33. b3 1/2-1/2

[Event "Mare di Fano op 5th"]
[Site "Fano"]
[Date "2016.08.01"]
[Round "4"]
[White "Murin, Janos"]
[Black "Altieri, Danilo Mario"]
[Result "1-0"]
[WhiteElo "2107"]
[BlackElo "2037"]
[PlyCount "115"]
[EventDate "2016.07.30"]
[EventType "swiss"]
[EventRounds "9"]
[EventCountry "ITA"]
[SourceTitle "CBM 173 Extra"]
[Source "ChessBase"]
[SourceDate "2016.08.29"]
[SourceVersion "1"]
[SourceVersionDate "2016.08.29"]
[SourceQuality "1"]

1. Nf3 f5 2. g3 Nf6 3. Bg2 e6 4. d3 Be7 5. c4 d6 6. Nc3 e5 7. e3 c6 8. 0-0 0-0 9. a3 h6 10. b4 Be6 11. Qe2 Nbd7 12. Nd2 Rc8 13. Bb2 Qe8 14. Rae1 Qg6 15. f4 h5 16. Nf3 Ng4 17. h3 Nh6 18. Kh2 Bf6 19. Rg1 Rfe8 20. Bf1 d5 21. cxd5 cxd5 22. Nb5 e4 23. Nfd4 Bxd4 24. Bxd4 Rc6 25. Nxa7 Ra6 26. Nb5 Rc8 27. Qb2 Rac6 28. Rg2 Rd8 29. Rc1 Nf8 30. Rxc6 bxc6 31. Nc7 Rc8 32. Na6 Bf7 33. Nc5 Ne6 34. Nxe6 Bxe6 35. a4 Qf7 36. a5 Qb7 37. Qc3 Ra8 38. Rc2 Qe7 39. Qe1 Bd7 40. Ra2 Bc8 41. Bc5 Qe6 42. d4 Nf7 43. Be2 g6 44. a6 Nd6 45. Bxd6 Qxd6 46. Qc3 Kf7 47. Kg2 Ke6 48. h4 Bd7 49. Kf2 Qb8 50. Qc5 Qa7 51. Qa5 Kd6 52. Ke1 Be8 53. Kd2 Bd7 54. Kc3 Qc7 55. Qc5+ Ke6 56. b5 Qd6 57. b6 Qb8 58. a7 1-0

[Event "Mare di Fano op 5th"]
[Site "Fano"]
[Date "2016.07.31"]
[Round "2"]
[White "Murin, Janos"]
[Black "Scarpa, Silvia"]
[Result "1/2-1/2"]
[WhiteElo "2107"]
[BlackElo "1926"]
[PlyCount "27"]
[EventDate "2016.07.30"]
[EventType "swiss"]
[EventRounds "9"]
[EventCountry "ITA"]
[SourceTitle "CBM 173 Extra"]
[Source "ChessBase"]
[SourceDate "2016.08.29"]
[SourceVersion "1"]
[SourceVersionDate "2016.08.29"]
[SourceQuality "1"]

1. Nf3 c5 2. g3 Nc6 3. Bg2 g6 4. 0-0 Bg7 5. d3 e6 6. e4 Nge7 7. Re1 0-0 8. c3 d5 9. Nbd2 Rb8 10. Qc2 b5 11. Nf1 b4 12. Bf4 e5 13. Bg5 d4 14. cxd4 1/2-1/2

[Event "HUN-chT2 Erkel 1516"]
[Site "Hungary"]
[Date "2015.12.06"]
[Round "6.9"]
[White "Czumbel, Peter"]
[Black "Murin, Janos"]
[Result "0-1"]
[WhiteElo "1845"]
[BlackElo "2106"]
[PlyCount "50"]
[EventDate "2015.09.13"]
[EventType "team-tourn"]
[EventRounds "11"]
[EventCountry "HUN"]
[SourceTitle "CBM 170 Extra"]
[Source "ChessBase"]
[SourceDate "2016.02.25"]
[SourceVersion "1"]
[SourceVersionDate "2016.02.25"]
[SourceQuality "1"]
[WhiteTeam "Budapest MTK II"]
[BlackTeam "HASE"]
[WhiteTeamCountry "HUN"]
[BlackTeamCountry "HUN"]

1. Nf3 Nf6 2. g3 g6 3. Bg2 Bg7 4. 0-0 0-0 5. d4 d6 6. a4 a5 7. c3 Nbd7 8. Nbd2 e5 9. dxe5 dxe5 10. Qc2 Re8 11. e4 b6 12. Nc4 Ba6 13. b3 Bxc4 14. bxc4 Nc5 15. Rd1 Qe7 16. Ne1 Qe6 17. Qe2 Rad8 18. Rxd8 Rxd8 19. Bg5 h6 20. Bxf6 Bxf6 21. Nc2 Bg5 22. Ne3 Bxe3 23. Qxe3 Kg7 24. Bf1 Qc6 25. Qf3 Nxa4 0-1

[Event "HUN-chT2 Erkel 1516"]
[Site "Hungary"]
[Date "2015.09.13"]
[Round "1.8"]
[White "Matuska, Miklos"]
[Black "Murin, Janos"]
[Result "1/2-1/2"]
[WhiteElo "2024"]
[BlackElo "2106"]
[PlyCount "32"]
[EventDate "2015.09.13"]
[EventType "team-tourn"]
[EventRounds "11"]
[EventCountry "HUN"]
[SourceTitle "CBM 170 Extra"]
[Source "ChessBase"]
[SourceDate "2016.02.25"]
[SourceVersion "1"]
[SourceVersionDate "2016.02.25"]
[SourceQuality "1"]
[WhiteTeam "Pestszentlorinc"]
[BlackTeam "HASE"]
[WhiteTeamCountry "HUN"]
[BlackTeamCountry "HUN"]

1. Nf3 Nf6 2. g3 g6 3. c4 Bg7 4. Bg2 0-0 5. Nc3 d6 6. 0-0 e5 7. d4 Nbd7 8. e3 Re8 9. b3 c6 10. Bb2 Qc7 11. Rc1 Nf8 12. c5 exd4 13. cxd6 Qxd6 14. Nxd4 Ne6 15. Nxe6 Qxd1 16. Rfxd1 Bxe6 1/2-1/2

[Event "HUN-chT2 Erkel 1415"]
[Site "Hungary"]
[Date "2015.03.01"]
[Round "7.10"]
[White "Terbe, Julianna"]
[Black "Murin, Janos"]
[Result "1-0"]
[WhiteElo "1954"]
[BlackElo "2145"]
[PlyCount "129"]
[EventDate "2014.09.28"]
[EventType "team-tourn"]
[EventRounds "9"]
[EventCountry "HUN"]
[SourceTitle "EXT 2016"]
[Source "ChessBase"]
[SourceDate "2015.10.08"]
[SourceVersion "1"]
[SourceVersionDate "2015.10.08"]
[SourceQuality "1"]
[WhiteTeam "Budapest MTK"]
[BlackTeam "HASE"]
[WhiteTeamCountry "HUN"]
[BlackTeamCountry "HUN"]

1. e4 c5 2. Nf3 Nc6 3. d4 cxd4 4. Nxd4 g6 5. c4 Bg7 6. Be3 Nf6 7. Nc3 0-0 8. Be2 d6 9. 0-0 Bd7 10. Qd2 Nxd4 11. Bxd4 Bc6 12. f3 a5 13. b3 Nd7 14. Be3 Nc5 15. Rab1 f5 16. exf5 Rxf5 17. a3 b6 18. b4 Nd7 19. Bd3 Rf8 20. Ne4 axb4 21. axb4 Ne5 22. Ng5 Bd7 23. Be4 Rc8 24. Bd5+ Kh8 25. Rbc1 Bf6 26. Ne6 Bxe6 27. Bxe6 Rb8 28. f4 Nd7 29. f5 Ne5 30. fxg6 Nxg6 31. Rf3 Bg7 32. Rh3 Rf6 33. Bd5 Qd7 34. Bg5 Qg4 35. Bxf6 Bxf6 36. Qh6 Nf8 37. Rf1 Qg7 38. Qh5 Ng6 39. Be4 Rg8 40. Bxg6 Qxg6 41. Qxg6 Rxg6 42. Rg3 Bd4+ 43. Kh1 Rxg3 44. hxg3 Bc3 45. Rb1 Kg7 46. Kg1 Kf6 47. Kf2 Kg5 48. Kf3 e6 49. b5 Bd4 50. g4 Bc5 51. Re1 Kf6 52. g5+ Kf7 53. Rh1 Kg7 54. Rh6 e5 55. Ke4 Bb4 56. Kf5 Bc5 57. Re6 Kf7 58. g4 Bb4 59. g6+ hxg6+ 60. Rxg6 Bc5 61. Rf6+ Kg7 62. g5 Bb4 63. g6 Bc5 64. Rf7+ Kg8 65. Rd7 1-0

[Event "HUN-chT2 Erkel 1415"]
[Site "Hungary"]
[Date "2014.12.14"]
[Round "4.9"]
[White "Murin, Janos"]
[Black "Szabo, Zoltan"]
[Result "1/2-1/2"]
[WhiteElo "2145"]
[BlackElo "1792"]
[PlyCount "89"]
[EventDate "2014.09.28"]
[EventType "team-tourn"]
[EventRounds "9"]
[EventCountry "HUN"]
[SourceTitle "EXT 2016"]
[Source "ChessBase"]
[SourceDate "2015.10.08"]
[SourceVersion "1"]
[SourceVersionDate "2015.10.08"]
[SourceQuality "1"]
[WhiteTeam "HASE"]
[BlackTeam "GBSE"]
[WhiteTeamCountry "HUN"]
[BlackTeamCountry "HUN"]

1. Nf3 Nf6 2. g3 g6 3. Bg2 Bg7 4. 0-0 0-0 5. d3 d6 6. e4 c5 7. Nbd2 Nc6 8. Nc4 Qc7 9. Ne3 b5 10. Nh4 Rb8 11. f4 e6 12. Nf3 b4 13. g4 Nd4 14. h3 Nxf3+ 15. Bxf3 Nd7 16. Qe1 a5 17. Bg2 a4 18. Rb1 Bd4 19. Kh1 Nb6 20. c3 bxc3 21. bxc3 Bg7 22. f5 exf5 23. gxf5 Be5 24. Bd2 f6 25. Qd1 g5 26. Bf3 Ba6 27. Be2 h5 28. Rg1 h4 29. Qc2 Qd7 30. Bf3 Bb5 31. Rgd1 Bc6 32. Be1 Rfc8 33. Qg2 Kh8 34. Ng4 Qf7 35. d4 cxd4 36. cxd4 Bf4 37. d5 Bd7 38. Qe2 Be5 39. Qa6 Na8 40. Rxb8 Rxb8 41. Qa7 Qe8 42. Kg2 Qc8 43. Be2 Qb7 44. Qa5 Qb2 45. Qd2 1/2-1/2

[Event "HUN-chT2 Erkel 1314"]
[Site "Hungary"]
[Date "2014.02.16"]
[Round "7.7"]
[White "Murin, Janos"]
[Black "Matuska, Miklos"]
[Result "1/2-1/2"]
[WhiteElo "2152"]
[BlackElo "2082"]
[PlyCount "65"]
[EventDate "2013.09.08"]
[EventType "team-tourn"]
[EventRounds "11"]
[EventCountry "HUN"]
[SourceTitle "EXT 2016"]
[Source "ChessBase"]
[SourceDate "2015.10.08"]
[SourceVersion "1"]
[SourceVersionDate "2015.10.08"]
[SourceQuality "1"]
[WhiteTeam "Budapest Honved"]
[BlackTeam "Pestszentlorinc"]
[WhiteTeamCountry "HUN"]
[BlackTeamCountry "HUN"]

1. e4 c5 2. Nf3 e6 3. d3 Nc6 4. g3 d5 5. Nbd2 Nf6 6. Bg2 Be7 7. 0-0 0-0 8. Re1 Qc7 9. c3 dxe4 10. dxe4 e5 11. Qc2 Rd8 12. Nc4 Be6 13. Ne3 h6 14. Nh4 Rd7 15. Bf1 Rad8 16. Nf3 a6 17. b3 b5 18. h3 Bf8 19. Kh2 Qb8 20. Bd2 Rc8 21. Rac1 Rdd8 22. Qb1 a5 23. Rcd1 Rd7 24. Bc1 Rcd8 25. Rxd7 Rxd7 26. Qc2 Qb7 27. a3 Bd6 28. Bb2 Bb8 29. Bc1 Na7 30. Nd2 Nc6 31. Bg2 Ba7 32. Bb2 c4 33. b4 1/2-1/2

[Event "HUN-chT2 Erkel 1314"]
[Site "Hungary"]
[Date "2013.09.22"]
[Round "2.6"]
[White "Trajber, Csaba"]
[Black "Murin, Janos"]
[Result "1/2-1/2"]
[WhiteElo "2034"]
[BlackElo "2152"]
[PlyCount "123"]
[EventDate "2013.09.08"]
[EventType "team-tourn"]
[EventRounds "11"]
[EventCountry "HUN"]
[SourceTitle "EXT 2016"]
[Source "ChessBase"]
[SourceDate "2015.10.08"]
[SourceVersion "1"]
[SourceVersionDate "2015.10.08"]
[SourceQuality "1"]
[WhiteTeam "Fot"]
[BlackTeam "Budapest Honved"]
[WhiteTeamCountry "HUN"]
[BlackTeamCountry "HUN"]

1. e4 c5 2. Nf3 Nc6 3. d4 cxd4 4. Nxd4 g6 5. c4 Bg7 6. Be3 Nf6 7. Nc3 0-0 8. Be2 d6 9. 0-0 Bd7 10. h3 Nxd4 11. Bxd4 Bc6 12. f3 Nh5 13. Bxg7 Kxg7 14. Qd4+ Kg8 15. Rf2 Qa5 16. Nd5 Bxd5 17. exd5 f5 18. Qe3 Rf7 19. f4 Nf6 20. Bd3 b6 21. Kh2 Qc5 22. Qe2 Kg7 23. a4 a5 24. Rf3 Qd4 25. Rd1 Qc5 26. Re3 Ra7 27. b3 Kf8 28. Re1 Rb7 29. Qb2 Kg8 30. Rg3 Nh5 31. Rf3 Rb8 32. g3 Nf6 33. Rfe3 Re8 34. Re6 Nd7 35. R6e3 Qb4 36. Bc2 Qc5 37. Kg2 Qc7 38. Qd4 Nf6 39. Re6 Qc5 40. Qb2 Nd7 41. Qc3 Qc8 42. Qe3 Qc7 43. Qd4 Nf8 44. R6e3 Qc5 45. Qc3 Nd7 46. R1e2 Nf6 47. Qe1 Kf8 48. Qc3 Qc7 49. Re6 Kg8 50. Qe1 Qd8 51. Kf3 Qc7 52. g4 fxg4+ 53. hxg4 Nd7 54. Kg3 Nf8 55. R6e4 Qd8 56. f5 gxf5 57. gxf5 Rg7+ 58. Rg4 Rxg4+ 59. Kxg4 Nd7 60. Kf4 Nf6 61. Rg2+ Kh8 62. Qe6 1/2-1/2

[Event "HUN-chT2 Erkel 1314"]
[Site "Hungary"]
[Date "2013.09.08"]
[Round "1.6"]
[White "Murin, Janos"]
[Black "Molnar, Jozsef"]
[Result "0-1"]
[WhiteElo "2152"]
[BlackElo "2193"]
[PlyCount "92"]
[EventDate "2013.09.08"]
[EventType "team-tourn"]
[EventRounds "11"]
[EventCountry "HUN"]
[SourceTitle "EXT 2016"]
[Source "ChessBase"]
[SourceDate "2015.10.08"]
[SourceVersion "1"]
[SourceVersionDate "2015.10.08"]
[SourceQuality "1"]
[WhiteTeam "Budapest Honved"]
[BlackTeam "Budapest EAC II"]
[WhiteTeamCountry "HUN"]
[BlackTeamCountry "HUN"]

1. e4 e6 2. d3 d5 3. Nd2 Nc6 4. g3 Nf6 5. Bg2 Bc5 6. Ngf3 dxe4 7. dxe4 e5 8. 0-0 Bg4 9. h3 Bh5 10. c3 Qd3 11. Re1 0-0-0 12. Qa4 Bxf3 13. Nxf3 h6 14. Be3 Bxe3 15. Rxe3 Qd6 16. Bf1 Kb8 17. b4 g5 18. Qb3 g4 19. Nh4 gxh3 20. Bxh3 Qd2 21. Nf3 Qd6 22. Rae1 Rhf8 23. Nh4 h5 24. Bf1 Qd2 25. Bc4 Ng4 26. R3e2 Qg5 27. Bxf7 Qf6 28. Bxh5 Nxf2 29. Bf3 Nh3+ 30. Kh2 Nf4 31. Rc2 Rh8 32. Kg1 Rd3 33. Rf1 Nd4 34. cxd4 Rxb3 35. axb3 Qg5 36. Nf5 exd4 37. Bd1 d3 38. Ra2 Ne6 39. Kg2 Qf6 40. Raf2 Qe5 41. Re1 Ng5 42. Bf3 a6 43. Ne3 Qe6 44. Nf5 Qxb3 45. Rd2 Qxb4 46. Red1 Nxe4 0-1

[Event "Budapest-chT1 Lilienthal 1213"]
[Site "Budapest"]
[Date "2012.10.14"]
[Round "2"]
[White "Fordan, Tibor"]
[Black "Murin, Janos"]
[Result "1/2-1/2"]
[WhiteElo "2223"]
[BlackElo "2184"]
[PlyCount "26"]
[EventDate "2012.09.30"]
[EventType "team-tourn"]
[EventRounds "11"]
[EventCountry "HUN"]
[SourceTitle "EXT 2019"]
[Source "ChessBase"]
[SourceDate "2018.10.10"]
[SourceVersion "1"]
[SourceVersionDate "2018.10.10"]
[SourceQuality "1"]
[WhiteTeam "Budapest EAC"]
[BlackTeam "Budapest Honved"]
[WhiteTeamCountry "HUN"]
[BlackTeamCountry "HUN"]

1. d4 Nf6 2. c4 g6 3. Nc3 Bg7 4. e4 d6 5. Nf3 0-0 6. Be2 Nbd7 7. 0-0 e5 8. Be3 Re8 9. d5 a5 10. Ne1 Nc5 11. f3 Nh5 12. b3 Nf4 13. Kh1 Bd7 1/2-1/2

[Event "Budapest-chT1 Lilienthal 1112"]
[Site "Budapest"]
[Date "2012.03.04"]
[Round "9"]
[White "Murin, Janos"]
[Black "Kormos, Andras"]
[Result "1/2-1/2"]
[WhiteElo "2207"]
[BlackElo "2148"]
[PlyCount "120"]
[EventDate "2011.10.02"]
[EventType "team-tourn"]
[EventRounds "11"]
[EventCountry "HUN"]
[SourceTitle "EXT 2020"]
[Source "ChessBase"]
[SourceDate "2019.10.17"]
[SourceVersion "1"]
[SourceVersionDate "2019.10.17"]
[SourceQuality "1"]
[WhiteTeam "Budapest Honved III"]
[BlackTeam "Budapest EAC III"]
[WhiteTeamCountry "HUN"]
[BlackTeamCountry "HUN"]

1. Nf3 Nf6 2. g3 b6 3. Bg2 Bb7 4. 0-0 c5 5. c4 e6 6. Nc3 Be7 7. d3 0-0 8. Bf4 d6 9. a3 Nc6 10. Rb1 a5 11. b3 h6 12. Nb5 e5 13. Bc1 Nd4 14. Nfxd4 Bxg2 15. Kxg2 exd4 16. Bf4 Qd7 17. a4 Ne8 18. e4 g5 19. Bc1 f5 20. f3 Ng7 21. Rb2 h5 22. f4 fxe4 23. dxe4 g4 24. Qd3 Bf6 25. Re2 Rae8 26. Kg1 Re7 27. Rfe1 Rfe8 28. Bd2 h4 29. Rf1 Qc6 30. Rfe1 h3 31. Bc1 Nf5 32. Kf1 Ne3+ 33. Bxe3 Rxe4 34. Bg1 Re3 35. Qg6+ Bg7 36. Qxe8+ Qxe8 37. Bxe3 dxe3 38. Rxe3 Qc6 39. Re4 d5 40. Re6 Qd7 41. Rd6 Qf5 42. Rd8+ Kh7 43. Rxd5 Qc2 44. Re2 Qxb3 45. Rh5+ Kg8 46. Re8+ Bf8 47. Rg5+ Kf7 48. Nc7 Qd1+ 49. Kf2 Qf3+ 50. Ke1 Qh1+ 51. Kd2 Qxh2+ 52. Re2 Qg1 53. Rf5+ Kg8 54. Rg5+ Kh7 55. Rxg4 Qd4+ 56. Ke1 Qg1+ 57. Kd2 Qd4+ 58. Ke1 Qxc4 59. Rh4+ Kg8 60. Ne6 Qc1+ 1/2-1/2

[Event "HUN-chT 1112"]
[Site "Hungary"]
[Date "2012.01.29"]
[Round "5"]
[White "Murin, Janos"]
[Black "Horvath, David G"]
[Result "1/2-1/2"]
[WhiteElo "2207"]
[BlackElo "2349"]
[PlyCount "40"]
[EventDate "2011.09.25"]
[EventType "team-tourn"]
[EventRounds "11"]
[EventCountry "HUN"]
[SourceTitle "EXT 2013"]
[Source "ChessBase"]
[SourceDate "2012.11.22"]
[SourceVersion "1"]
[SourceVersionDate "2012.11.22"]
[SourceQuality "1"]
[WhiteTeam "Honved"]
[BlackTeam "MLTC"]
[WhiteTeamCountry "HUN"]
[BlackTeamCountry "HUN"]

1. Nf3 Nf6 2. g3 b6 3. Bg2 Bb7 4. 0-0 e6 5. c4 Be7 6. Nc3 0-0 7. d4 d5 8. cxd5 exd5 9. Ne5 Na6 10. a3 c5 11. e3 Nc7 12. Qc2 Bd6 13. f4 Ne6 14. Rd1 Rc8 15. Qf2 cxd4 16. exd4 Ne4 17. Qe1 f5 18. Be3 Qe7 19. Rac1 Bxe5 20. fxe5 Nxc3 1/2-1/2

[Event "Budapest-chT1 Lilienthal 1112"]
[Site "Budapest"]
[Date "2011.12.04"]
[Round "4"]
[White "Murin, Janos"]
[Black "Ritter, Gabor"]
[Result "1/2-1/2"]
[WhiteElo "2207"]
[BlackElo "2088"]
[PlyCount "100"]
[EventDate "2011.10.02"]
[EventType "team-tourn"]
[EventRounds "11"]
[EventCountry "HUN"]
[SourceTitle "EXT 2020"]
[Source "ChessBase"]
[SourceDate "2019.10.17"]
[SourceVersion "1"]
[SourceVersionDate "2019.10.17"]
[SourceQuality "1"]
[WhiteTeam "Budapest Honved III"]
[BlackTeam "Vizugy II"]
[WhiteTeamCountry "HUN"]
[BlackTeamCountry "HUN"]

1. Nf3 Nf6 2. g3 g6 3. Bg2 Bg7 4. 0-0 0-0 5. d3 d6 6. e4 e5 7. c3 c6 8. a4 a5 9. Nbd2 Nbd7 10. Re1 Re8 11. Nc4 Qc7 12. Qc2 b5 13. Ne3 Nc5 14. axb5 cxb5 15. Nd2 Bb7 16. Nb3 a4 17. Nxc5 Qxc5 18. Qd1 Qb6 19. Bd2 Bc6 20. Qb1 Qb7 21. Qa2 Red8 22. Nd5 Nxd5 23. exd5 Bd7 24. Qa3 Bf5 25. c4 bxc4 26. dxc4 Bc2 27. Rac1 Qb3 28. Bb4 Qxa3 29. bxa3 Bb3 30. Bf1 Bh6 31. Rc3 Bd2 32. Rxb3 Bxe1 33. Rb1 Bxb4 34. Rxb4 Re8 35. Rb6 Red8 36. Bd3 Kf8 37. Bc2 Rd7 38. Rb4 Rda7 39. Kf1 Ke7 40. Ke2 f5 41. f4 exf4 42. gxf4 Kd7 43. Kd3 Kc7 44. Kd4 Ra5 45. Kc3 h6 46. h4 R8a7 47. Rb1 Ra8 48. Rg1 Rg8 49. Kb4 Raa8 50. Bxa4 Raf8 1/2-1/2